书目信息 |
| 题名: |
走出时代的困境
|
|
| 作者: | 汪行福 著 | |
| 分册: | ||
| 出版信息: | 上海 上海社会科学院出版社 2000 |
|
| 页数: | 345页 | |
| 开本: | 20cm | |
| 丛书名: | 社科研究文丛 | |
| 单 册: | ||
| 中图分类: | B516.59 | |
| 科图分类: | ||
| 主题词: | ||
| 电子资源: | ||
| ISBN: | 7-80618-718-9 | |
| 000 | 01122nam0 2200277 450 | |
| 000 | 01150nam0 2200289 450 | |
| 000 | 01080nam0 2200265 450 | |
| 000 | 01043nam 2200253 45 | |
| 005 | 20070530175929.34 | |
| 010 | @a7-80618-718-9@dCNY20.00 | |
| 100 | @a20051110d2000 ekmy0chiy0120 ea | |
| 101 | 0 | @achi |
| 102 | @aCN@b310000 | |
| 105 | @ay z 000yy | |
| 200 | 1 | @a走出时代的困境@AZou Chu Shi Dai De Kun Jing@e哈贝马斯对现代性的反思@EHa Bei Ma Si Dui Xian Dai Xing De Fan Si@f汪行福著@FWang Xing Fu Zhu |
| 210 | @a上海@c上海社会科学院出版社@d2000 | |
| 215 | @a345页@d20cm | |
| 225 | 2 | @a社科研究文丛 |
| 330 | @a本书主要是把当代重要的思想家哈贝马斯作为研究对象,介绍并分析了他是如何把从现代性向后现代性转移过程中出现的理论争论提高到一个新的层次,怎样回答了法国后结构主义对理性主义的批判等问题。 | |
| 410 | 0 | @12001 @a社科研究文丛 |
| 517 | 1 | @a哈贝马斯对现代性的反思@AHa Bei Ma Si Dui Xian Dai Xing De Fan Si |
| 600 | 1 | @a哈贝马斯@g(Habermas, Jurgen@f1929~)@x哲学思想@x思想评论 |
| 690 | @aB516.59@v4 | |
| 701 | 0 | @a汪行福@AWang Xing Fu@4著 |
| 801 | 0 | @aCN@bFYSX@c20070530 |
| 905 | @a10447@dB516.59@e117 | |
| 走出时代的困境:哈贝马斯对现代性的反思/汪行福著.-上海:上海社会科学院出版社,2000 |
| 345页;20cm.-(社科研究文丛) |
| ISBN 7-80618-718-9:CNY20.00 |
| 本书主要是把当代重要的思想家哈贝马斯作为研究对象,介绍并分析了他是如何把从现代性向后现代性转移过程中出现的理论争论提高到一个新的层次,怎样回答了法国后结构主义对理性主义的批判等问题。 |
| ● |
| 相关链接 |
|
|
|
|
正题名:走出时代的困境
索取号:B516.59/117
 
预约/预借
| 序号 | 登录号 | 条形码 | 馆藏地/架位号 | 状态 | 备注 |
| 1 | 0510089 | 205100898 | 第一样本阅览室/ [索取号:B516.59/117] | 在馆 | |
| 2 | 0510090 | 205100905 | 教育系资料室/ [索取号:B516.59/117] | 在馆 | |
| 3 | 0510091 | 205100914 | 第一借阅区/ [索取号:B516.59/117] | 在馆 | |
| 4 | 0510092 | 205100923 | 教育系资料室/ [索取号:B516.59/117] | 在馆 | |
| 5 | 0510093 | 205100932 | 第一借阅区/ [索取号:B516.59/117] | 在馆 | |
| 6 | 0510094 | 205100941 | 教育系资料室/ [索取号:B516.59/117] | 在馆 | |
| 7 | 0510095 | 205100950 | 第一借阅区/ [索取号:B516.59/117] | 在馆 | |
| 8 | 0510096 | 205100969 | 第一借阅区/ [索取号:B516.59/117] | 在馆 |